Guillermo del Toro Movies - Statistics

General Stats
  • This quiz has been taken 287 times
    47 since last reset
  • The average score is 9 of 13
Answer Stats
Year Film % Correct
2025 Frankenstein
95%
2022 Pinocchio
89%
2006 Pan's Labyrinth
86%
2017 The Shape of Water
84%
2004 Hellboy
78%
2008 Hellboy II: The Golden Army
73%
2015 Crimson Peak
68%
2021 Nightmare Alley
62%
2013 Pacific Rim
62%
2002 Blade II
46%
1993 Cronos
46%
1997 Mimic
46%
2001 The Devil's Backbone
38%
No matching quizzes found
Score Distribution
Percent of People with Each Score
Percentile by Number Answered
Your Score History
You have not taken this quiz since the last reset